000 00488nam a22002057a 4500
003 OSt
005 20140310181802.0
008 130703t xxu||||| |||| 00| 0 eng d
020 _a9740836194
050 _aPL 4187
_b.Se495 1990
082 _aREF 423
_bSe7 c1900
245 _aNew model English-Thai dictionary /
_cSethaputra, So
250 _anew ed.
260 _cc1990.
300 _a691 p.
_c14 cm.
521 _a
541 _j1
562 _e1
942 _2lcc
_cBK-GR
_kREF
999 _c3635
_d3635